Záhrada '97 5. ročník medzinárodnej kontraktačno-predajnej výstavy potrieb pre záhradkárov, ovocinárov a včelárov, Košice, 11.-14.3.1997 : katalóg

Bibliographic Details
Corporate Author: Záhrada Košice, Slovensko (Author)
Other Authors: Hrudál, Viliam (Compiler)
Format: Conference Proceeding Book
Language:Slovak
PhysicalDescription:20 s. obr., pl., rekl. 22 x 10 cm
Published: [Košice EXPO-EDUC 1997]
Subjects:

MARC

LEADER 00000nam a2200000 a 4500
001 vtls001282529
003 SK-MaSNL
005 20260301064752.0
008 160624s1997 xo a g c 00100 slo
015 |a SNBE1997/0300894 
035 |a SNK000233975 
040 |a SNK  |b slo  |c SNK  |e AACR2 
041 0 |a slo 
044 |a xo  |c SK 
080 |a 635-1/_2:634-1/-2:638.11:061.43(100)(083.9)  |2 1981 
080 |a 634-1/-2  |2 1981 
080 |a 638.11  |2 1981 
111 2 |a Záhrada  |n (5. :  |d 1997 :  |c Košice, Slovensko)  |4 aut  |9 32720 
245 1 0 |a Záhrada '97  |b 5. ročník medzinárodnej kontraktačno-predajnej výstavy potrieb pre záhradkárov, ovocinárov a včelárov, Košice, 11.-14.3.1997 : katalóg  |c komisár výstavy Viliam Hrudál ; usporiadateľ výstavy EXPO-EDUC Košice 
260 |a [Košice  |b EXPO-EDUC  |c 1997] 
300 |a 20 s.  |b obr., pl., rekl.  |c 22 x 10 cm 
500 |a Progr. výstav na rok 1998 
504 |a Adresár vystavovateľov 
650 0 7 |a záhrady  |2 SNKPH  |9 2730 
650 0 7 |a záhradnícke potreby  |2 SNKPH  |9 30028 
650 0 7 |a včelárstvo  |2 SNKPH  |9 3997 
650 0 7 |a ovocinárstvo  |2 SNKPH  |9 16370 
651 7 |a Košice (Slovensko)  |2 SNKPH  |9 18694 
655 7 |a katalógy výstav  |2 SNKPH  |9 70445 
700 1 |a Hrudál, Viliam  |4 com  |9 44379 
710 2 |a EXPO-EDUC (Košice, Slovensko)  |4 orm  |9 32153 
999 |c 628155  |d 630085 
952 |t P60, <03>, [BOOK], {603}  |a SNK  |b SNK  |y PREZ  |7 0  |p 17A0059957  |o snkOSC 18899  |i snkKSP 3935/97  |0 0  |1 0  |4 0  |d 1997-04-18  |l 0  |r 2005-01-02 00:00:00  |w 2026-02-23 
952 |t P60, <04>, [BOOK], {604}  |a SNK  |b SNK  |y VYP  |7 0  |p 17A0059958  |o snkOSC 18899 D1  |i snkKSP 3936/97  |0 0  |1 0  |4 0  |d 1997-04-18  |l 0  |r 2005-01-02 00:00:00  |w 2026-02-23